000 00291cam a2200109ua 4500
082 _a032.
_bGRA/EN
100 _aGraham Brade, Birks S .
_91455
245 _aEncyclopaedia of General Knowledge /
260 _aLondon :
_bEnglish Universities Press ,
_c1963.
300 _a536 ; .
942 _cREF
999 _c7038
_d7038